000 00507nam a2200169 a 4500
001 83
003 CDMR
005 20130312192658.0
008 130130s2003||||||||||||||||||||||||||||d
020 _a8495483599
040 _aCDMR
_bcat
_cCPC GIRONA
100 1 _aSala Puig, Xevi
_981
245 1 0 _aA l'altre barri
_b: vint-i-cinc anys de la Font de la Pólvora, suburbi de Girona
_cXevi Sala Puig ; pròleg d'Antoni Puigverd
260 _c2003
_bCCG
_aGirona
490 0 _aQuaderns de les 7 sivelles
942 _cMON
_2udc
999 _c83
_d83